000 00624nam a22001817a 4500
005 20251108165507.0
008 250721s1994 xx 000 0 ara d
082 1 4 _aم/217.9/محم
100 1 _aبن عبد الرحيم، أبو محمد أشرف بن عبد المقصود
245 1 0 _aفهارس المحلي لإبن حزم /
264 1 _aالقاهره :
_bمكتبة السنة - الدار السلفية لنشر العلم،
_c1994.
300 _a404ص : فهارس
650 1 7 _aالإسلام
650 1 7 _aالفهارس
650 1 7 _aالفقه الإسلامي
942 _2ddc
_cREF
999 _c29214
_d29214